• 首页
  • 本馆介绍
  • 公告通知
  • 最新文献
  • 馆藏检索
  • 电子资源
  • 读者导购
  • 参考咨询
  • 我的图书馆
  • 登录
  • 详细信息显示
  • 放入我的书架
  • 预约/预借图书
  • 作者相关作品
  • 分类相关作品
  • 丛书相关作品
  • 出版社相关作品

书目信息

  • 表格格式
  • 工作单格式
  • 卡片格式
题名:
工业设计中国之路
    
 
作者: 沈榆 , 陈金明 编著
分册: 四   轻工卷
出版信息: 大连   大连理工大学出版社  2019
页数: 279页
开本: 27cm
丛书名:
单 册:
中图分类: TB47 , TS02
科图分类:
主题词: 工业设计--Gong Ye She Ji--中国 , 轻工业--Qing Gong Ye--工业设计--中国
电子资源:
ISBN: 978-7-5685-1952-6
000 01407nam0 2200313 450
001 012001003312
005 20191204111708.65
010    @a978-7-5685-1952-6@dCNY318.00
099    @aCAL 012019149190
100    @a20191107d2019 em y0chiy50 ea
101 0  @achi
102    @aCN@b210000
105    @aa a 000yy
106    @ar
200 1  @a工业设计中国之路@AGong Ye She Ji Zhong Guo Zhi Lu@i轻工卷@h四@d= A genealogy of industrial design in China: light industry Ⅳ@f沈榆, 陈金明编著@zeng
210    @a大连@c大连理工大学出版社@d2019
215    @a279页@c图@d27cm
300    @a国家出版基金项目
320    @a有书目 (第276页)
330    @a《工业设计中国之路》是呈现中国工业设计发展之路的著作,内容主要是对碎片化的技术文献资料、历史口述资料以及产品实物等进行梳理及研究。“装备”被称作“国之重器”,其工业设计具有高集成度、先进性、综合性、可靠性等特质。本卷内容将通过追踪、挖掘历史资料,呈现工业设计是如何平衡产品性能的先进性和生产的可能性的。只有解决了这一矛盾,研制出的装备才能提升品质,并在各种复杂的环境中很好地完成任务。
510 1  @aGenealogy of industrial design in China: light industry Ⅳ@zeng
606 0  @a工业设计@AGong Ye She Ji@y中国
606 0  @a轻工业@AQing Gong Ye@x工业设计@y中国
690    @aTB47@v5
690    @aTS02@v5
701  0 @a沈榆@AShen Yu@4编著
701  0 @a陈金明@AChen Jin Ming@4编著
801  0 @aCN@b北京卓展@c20191020
905    @b1211178-9@dTB47@e530:4@f2
    
    工业设计中国之路.轻工卷.四= A genealogy of industrial design in China: light industry Ⅳ/沈榆, 陈金明编著.-大连:大连理工大学出版社,2019
    279页:图;27cm
    国家出版基金项目
    
    ISBN 978-7-5685-1952-6:CNY318.00
    《工业设计中国之路》是呈现中国工业设计发展之路的著作,内容主要是对碎片化的技术文献资料、历史口述资料以及产品实物等进行梳理及研究。“装备”被称作“国之重器”,其工业设计具有高集成度、先进性、综合性、可靠性等特质。本卷内容将通过追踪、挖掘历史资料,呈现工业设计是如何平衡产品性能的先进性和生产的可能性的。只有解决了这一矛盾,研制出的装备才能提升品质,并在各种复杂的环境中很好地完成任务。
●
相关链接 在E读中查询图书 在五车中查询图书 在当当中查询图书 在豆瓣中查询图书


正题名:工业设计中国之路     索取号:TB47/530:4         预约/预借

序号 登录号 条形码 馆藏地/架位号 状态 备注
1 1211178   212111784   第二样本阅览室/ [索取号:TB47/530:4] 在馆    
2 1211179   212111793   第三借阅区/ [索取号:TB47/530:4] 在馆    
唐山师范学院图书馆 欢迎您!
大连网信软件有限公司© 版权所有